00771nam a22002057a 4500999001500000001000500015003000900020005001700029008004100046040003800087082002300125245008700148260003900235300002200274505005900296650004400355700002800399942001200427952012600439 c7125d71258951BD-DhUAP20210113162839.0210113s1961 bg x p w 0 a0eng d aBD-DhAALcBD-DhAALbEngdBD-DhUAP00a348.549204 DHA22300aThe Dhaka Law Reports :ba monthly law journal /cedited by Obaidul Huq Chowdhury. aDhaka :bDhaka law reports,c1961. avolumes ;c26 cm. aV. 13-Table of cases of all courts civil and criminal. aLaw reports, digests, etc.zBangladesh. aChowdhury, Obaidul Huq. 2ddccBK 00102ddc4070aDBASLbDBASLcGeneral Stacksd2021-01-13o348.549204 DHA V-13p3010008951r2021-01-13t1w2021-01-13yBK